| 000 | 03307cam a22012014i 4500 | ||
|---|---|---|---|
| 003 | PE-LiUPU | ||
| 005 | 20250813185528.0 | ||
| 008 | 150625s r 000 0 d | ||
| 020 | _a8432986496 | ||
| 035 | _a(Sirsi) i9788432986499 | ||
| 040 |
_aPE-LiUPU _bspa _cPE-LiUPU _erda |
||
| 049 | _aPRUA | ||
| 082 | 0 | 4 |
_a371.89 _bB57 _221 |
| 100 | 1 |
_aBlanch, Teresa, _eautor. |
|
| 245 | 1 | 0 |
_a100 propuestas para trabajar la prensa en el aula : _bactividades para la diferentes áreas curriculares / _cTeresa Blanch y Toni Moras. |
| 264 | 1 |
_aBarcelona : _bEdiciones CEAC, _c2002. |
|
| 300 |
_a191 páginas : _bilustraciones ; _c21 centímetros |
||
| 336 |
_atext _2rdacontent |
||
| 337 |
_aunmediated _2rdamedia |
||
| 338 |
_avolume _2rdacarrier |
||
| 490 | 0 | _aAula práctica primaria | |
| 505 | 0 | _aPrimer contacto con la prensa escrita. -La prensa y las diferentes áreas curriculares. -Fichas de prensa para trabajar las ciencias de la naturaleza. -Fichas de presa para trabajar las ciencias sociales, lenguaje, matemáticas, educación artística, educación músical, ética, deporte,. -El periódico escolar. -Cómo motivar a los alumnos para que colaboren en el periódico escolar. -Cómo organizar el priódico escolar. | |
| 526 | _aP202 | ||
| 526 | _aP201 | ||
| 526 | _aP163 | ||
| 526 | _aP162 | ||
| 526 | _aP161 | ||
| 526 | _aP160 | ||
| 526 | _aP148 | ||
| 526 | _aP147 | ||
| 526 | _aP146 | ||
| 526 | _aP145 | ||
| 526 | _aP144 | ||
| 526 | _aP143 | ||
| 526 | _aP142 | ||
| 526 | _aP141 | ||
| 526 | _aP140 | ||
| 526 | _aP139 | ||
| 526 | _aP138 | ||
| 526 | _aP137 | ||
| 526 | _aP136 | ||
| 526 | _aP135 | ||
| 526 | _aP134 | ||
| 526 | _aP133 | ||
| 526 | _aP129 | ||
| 526 | _aP128 | ||
| 526 | _aP127 | ||
| 526 | _aP120 | ||
| 526 | _aP119 | ||
| 526 | _aP118 | ||
| 526 | _aP116 | ||
| 526 | _aP115 | ||
| 526 | _aP114 | ||
| 526 | _aP110 | ||
| 526 | _aP109 | ||
| 526 | _aP108 | ||
| 526 | _aP104 | ||
| 526 | _aP103 | ||
| 526 | _aP102 | ||
| 526 | _aP99 | ||
| 526 | _aP98 | ||
| 526 | _aP97 | ||
| 526 | _aP96 | ||
| 526 | _aP95 | ||
| 526 | _aP93 | ||
| 526 | _aP90 | ||
| 526 | _aP89 | ||
| 526 | _aP88 | ||
| 526 | _aP83 | ||
| 526 | _aP82 | ||
| 526 | _aP62 | ||
| 526 | _aP59 | ||
| 526 | _aP58 | ||
| 526 | _aP57 | ||
| 526 | _aP51 | ||
| 526 | _aP49 | ||
| 526 | _aP48 | ||
| 526 | _aP47 | ||
| 526 | _aP29 | ||
| 526 | _aP24 | ||
| 526 | _aP20 | ||
| 526 | _aP19 | ||
| 526 | _aP17 | ||
| 526 | _aP15 | ||
| 526 | _aP14 | ||
| 526 | _aP12 | ||
| 526 | _aP10 | ||
| 526 | _aP09 | ||
| 526 | _aP08 | ||
| 526 | _aP07 | ||
| 526 | _aP06 | ||
| 526 | _aP05 | ||
| 526 | _aP04 | ||
| 526 | _aP01 | ||
| 541 | _g001-027184; | ||
| 650 | 0 | 4 |
_aPrensa _xMaterial didáctico. |
| 700 | 1 |
_aMoras, Toni, _d1951- , _eautor. |
|
| 942 |
_2ddc _cBOOK |
||
| 949 |
_a371.89 B57 _wDEWEY _c1 _i57597 _lCCODEBUL1 _mBUL _p26.00 _r0 _sY _tBOOK _u2015-6-25 _xEDUCACION _PP20 _0COMPRA _o.STAFF. Colección General |
||
| 994 |
_aC0 _bPEPRU |
||
| 596 | _a1 | ||
| 999 |
_a371.89 B57 _wDEWEY _c46617 _i57597 _f2021-11-8 _g5 _lCCODEBUL1 _mBUL _p26.00 _r0 _sN _tBOOK _u2015-6-25 _xEDUCACION _PP20 _0COMPRA _o.STAFF. Colección General _d46617 |
||
| 980 |
_81 _gALBERTO SANCHEZ Responsable de Automatización |
||